| 000 | 00435nam a2200181Ia 4500 | ||
|---|---|---|---|
| 001 | 13696 | ||
| 005 | 20260306164820.0 | ||
| 008 | 260306t1999||||xx |||||||||||||| ||spa|| | ||
| 041 | _aESP | ||
| 082 |
_aS 005.131 _bS74 |
||
| 100 |
_aSphar, Chuck _eAUT |
||
| 245 | 0 | _aAprenda microsoft visual C++ 6.0 Ya | |
| 260 | _c1999 | ||
| 300 |
_axxix, 598 páginas : _c24 cm. |
||
| 650 | _aGEN | ||
| 654 | _aCCC | ||
| 942 |
_cLIB _dJUS _fJUS _2ddc _n |
||
| 999 |
_c13696 _d13696 |
||